Chcete napredovať? Zbavte sa vžitých predsudkov

Dopady finančnej krízy pocítil zrejme každý obchodník. Rast a rozvoj už nie je taký jednoduchý a ani rýchly, ako to bolo pred pár rokmi. Príležitosti na rast a vytvorenie konkurenčnej výhody však stále existujú ...

Enregistré dans:
Détails bibliographiques
Auteur principal: Palfiová, Anna
Format: Chapitre de livre
Langue:slovaque
Sujets:
Tags: Ajouter un tag
Pas de tags, Soyez le premier à ajouter un tag!

MARC

LEADER 00000naa a2200000 4500
001 0121794
005 20231128094845.3
041 0 |a slo 
044 |a SK 
245 1 0 |a Chcete napredovať? Zbavte sa vžitých predsudkov  |c Anna Palfiová 
520 |a Dopady finančnej krízy pocítil zrejme každý obchodník. Rast a rozvoj už nie je taký jednoduchý a ani rýchly, ako to bolo pred pár rokmi. Príležitosti na rast a vytvorenie konkurenčnej výhody však stále existujú ... 
610 2 0 |a predajne 
610 2 0 |a kríza finančná 
610 2 0 |a výhody konkurenčné 
610 2 0 |a konkurencieschopnosť 
100 1 |a Palfiová, Anna